| 000 | 00524nam a2200193Ia 4500 | ||
|---|---|---|---|
| 003 | OSt | ||
| 005 | 20250701154610.0 | ||
| 008 | 210210b1988 xxu||||| |||| 00| 0 eng d | ||
| 020 | _a81 85095 90 6 | ||
| 040 | _cAL | ||
| 082 | _a320.3 DRAP | ||
| 100 |
_aAlex N Dragnich and others _9210439 |
||
| 245 |
_aPolitics and Government _b: a brief introduction |
||
| 260 |
_aND _bAffiliated East-West Prees Pvt. Ltd. _c1988 |
||
| 300 | _a228p. | ||
| 690 |
_aComparative Governments _9210440 |
||
| 906 | _a042573 | ||
| 942 |
_2ddc _cBK |
||
| 999 |
_c92264 _d92264 |
||